Khí hậu với đời sống Những vấn đề cơ sở của sinh khí hậu học
Mối quan hệ giữa khí hậu và đời sống. Vai trò của bức xạ trong các quá trình sống. Các nhân tố vật lý khí quyển, hoá học khí quyển, điện khí quyển trong cuộc sống của con người và sinh vật. Anh hưởng của khí hậu đối với sức khoẻ, bệnh tật. Khả năng cải thiện điều kiện khí hậu sinh vật...
Na minha lista:
| Autor principal: | |
|---|---|
| Outros Autores: | , |
| Formato: | Livro |
| Idioma: | Vietnamese |
| Publicado em: |
Tp.HCM
Khoa học và kỹ thuật
1980
|
| Assuntos: | |
| Tags: |
Adicionar Tag
Sem tags, seja o primeiro a adicionar uma tag!
|
| Thư viện lưu trữ: | Mạng thư viện Đại học Đà Nẵng |
|---|
| LEADER | 01700nam a2200409 4500 | ||
|---|---|---|---|
| 001 | 000008720 | ||
| 003 | 4912 | ||
| 005 | 20111019161059.0 | ||
| 008 | 111019s1980 viesd | ||
| 041 | 0 | |a vie | |
| 082 | |a 551.6 |b PH-Đ | ||
| 100 | 0 | |a Phan Tất Đắc | |
| 245 | 0 | |a Khí hậu với đời sống |b Những vấn đề cơ sở của sinh khí hậu học |c Phạm Ngọc Toàn | |
| 260 | |a Tp.HCM |b Khoa học và kỹ thuật |c 1980 | ||
| 300 | |a 145 tr. |c 19 cm | ||
| 520 | |a Mối quan hệ giữa khí hậu và đời sống. Vai trò của bức xạ trong các quá trình sống. Các nhân tố vật lý khí quyển, hoá học khí quyển, điện khí quyển trong cuộc sống của con người và sinh vật. Anh hưởng của khí hậu đối với sức khoẻ, bệnh tật. Khả năng cải thiện điều kiện khí hậu sinh vật | ||
| 653 | |a Khí hậu | ||
| 653 | |a khí quyển | ||
| 653 | |a thời tiết | ||
| 653 | |a bức xạ | ||
| 653 | |a đời sống | ||
| 653 | |a con người | ||
| 653 | |a sinh vật | ||
| 700 | |a Phan Tất Đắc |e Tác giả | ||
| 700 | |a Phạm Ngọc Toàn |e Tác giả | ||
| 700 | |a Phạm Huy Tiến |e Cộng tác | ||
| 910 | |a Thanh |d 19/10/2011 | ||
| OWN | |a LSP | ||
| AVA | |a UDN50 |b LSP |d 551.6 PH-Đ |e available |t Error 5001 Not defined in file expand_doc_bib_avail. |f 6 |g 1 |h N |i 0 |k 1 | ||
| 999 | |a From the UDN01 | ||
| AVA | |a UDN50 |b LSP |d 551.6 PH-Đ |e available |t Error 5001 Not defined in file expand_doc_bib_avail. |f 6 |g 1 |h N |i 0 |k 1 | ||
| TYP | |a Monograph | ||
| TYP | |a Printed language | ||
| 980 | |a Mạng thư viện Đại học Đà Nẵng | ||